Colors in Hungarian - Statistics

General Stats
  • This quiz has been taken 74 times
  • The average score is 9 of 11
Answer Stats
Color Hungarian % Correct
red vörös / piros
92%
green zöld
88%
black fekete
86%
white fehér
82%
blue kék
80%
brown barna
76%
yellow sárga
76%
purple bíbor
74%
orange narancssárga
70%
pink rózsaszín
70%
gray szürke
68%
No matching quizzes found
Score Distribution
Percent of People with Each Score
Percentile by Number Answered
Your Score History
You have not taken this quiz